000 00348nam a2200133Ia 4500
008 230818s1968 xx 000 0 und d
041 _aeng
100 _aJerome.
245 _aArt and science of managing Hotels/Restau Institution
260 _bHayden Book Co.
_c1968
300 _a275p
520 _aGeneral | Hard Board
999 _c853619
_d853619
650 _aFood Safety